[Event "Albena"]
[Site "Albena"]
[Date "1984.??.??"]
[Round "?"]
[White "Farago, Ivan"]
[Black "Toshkov, Tihomir"]
[Result "1/2-1/2"]
[WhiteElo "2525"]
[BlackElo "2440"]
[PlyCount "95"]
[EventDate "1984.??.??"]
[Source "www.chesslib.no"]
[SourceDate "2004.05.04"]

1. d4 Nf6 2. c4 e6 3. Nf3 c5 4. d5 exd5 5. cxd5 d6 6. Nc3 g6 7. Nd2 Bg7 8. e4 O-O 9. Be2 Re8 10. O-O Na6 11. f3 Nc7 12. a4 b6 13. Nc4 Ba6 14. Bg5 h6 15. Be3 Bxc4 16. Bxc4 a6 17. Qd2 Kh7 18. Rab1 Nd7 19. b4 f5 20. bxc5 bxc5 21. Kh1 Qf6 22. Rb7 Rec8 23. Rc1 Ne5 24. Be2 Rab8 25. Rxb8 Rxb8 26. f4 Nd7 27. exf5 gxf5 28. g4 Rb3 29. Nd1 Kh8 30. Bc4 Rb4 31. g5 hxg5 32. fxg5 Qf7 33. Bf4 Ne5 34. Ne3 Qh5 35. Be2 Qh3 36. Rf1 Rxa4 37. Bg3 Rd4 38. Qa5 f4 39. Rxf4 Rxf4 40. Bxf4 Qd7 41. Qb6 Qa4 42. Qxc7 Qe4+ 43. Kg1 Qxf4 44. Qc8+ Bf8 45. Qh3+ Kg8 46. Qe6+ Kh8 47. Qh3+ Kg8 48. Qe6+ 1/2-1/2

[Event "Santa Fe Bogota 4th"]
[Site "Bogota COL"]
[Date "1979.??.??"]
[Round "9"]
[White "Beliavsky, Alexander G"]
[Black "Gutierrez, Jose A"]
[Result "1-0"]
[WhiteElo "2595"]
[BlackElo "2370"]
[PlyCount "79"]
[EventDate "1979.??.??"]
[Source "www.chesslib.no"]
[SourceDate "2004.05.04"]

1. d4 Nf6 2. c4 c5 3. d5 e6 4. Nc3 exd5 5. cxd5 d6 6. e4 g6 7. Nf3 Bg7 8. Be2 O-O 9. O-O Re8 10. Nd2 Na6 11. f3 Nc7 12. a4 b6 13. Nc4 Ba6 14. Bg5 Qd7 15. Qd2 Bxc4 16. Bxc4 a6 17. Kh1 b5 18. Bd3 Rac8 19. Bc2 Na8 20. a5 Nc7 21. b4 c4 22. Rfd1 Re5 23. Bf4 Ree8 24. Ne2 Qe7 25. Nd4 Nd7 26. Bg5 Qf8 27. f4 Bf6 28. Bxf6 Nxf6 29. Re1 Qh6 30. Qf2 Qg7 31. h3 Nh5 32. Rad1 Kh8 33. Qf3 Nf6 34. g4 h5 35. Rg1 hxg4 36. hxg4 Kg8 37. Rg2 Nd7 38. Nf5 Qf8 39. Qh3 f6 40. Rh2 1-0

[Event "Open"]
[Site "Porto San Giorgo"]
[Date "2003.08.27"]
[Round "7"]
[White "Kuljasevic, Davorin"]
[Black "Rotstein, Arkadij"]
[Result "0-1"]
[WhiteElo "2419"]
[BlackElo "2544"]
[PlyCount "80"]
[EventDate "2003.08.21"]
[Source "Roberto Alvarez"]
[SourceDate "2003.09.01"]

1. d4 Nf6 2. Nf3 e6 3. c4 c5 4. d5 d6 5. Nc3 exd5 6. cxd5 g6 7. Nd2 Bg7 8. e4 O-O 9. Be2 Na6 10. O-O Nc7 11. a4 Re8 12. f3 b6 13. Nc4 Ba6 14. Bg5 Qd7 15. Qd2 Bxc4 16. Bxc4 a6 17. Qd3 h6 18. Be3 Kh7 19. Kh1 Qe7 20. Rae1 Nd7 21. f4 Bxc3 22. Qxc3 Nf6 23. Qc1 Nxe4 24. f5 Qf6 25. fxg6+ Qxg6 26. Bxh6 Rg8 27. Re2 Qxh6 28. Rxf7+ Rg7 29. Qxh6+ Kxh6 30. Rxg7 Kxg7 31. Rxe4 b5 32. Be2 Kf6 33. h4 bxa4 34. Rxa4 Rb8 35. Bxa6 Nxd5 36. Ra1 Rxb2 37. Rd1 Ke5 38. Re1+ Kf4 39. Kh2 Ne3 40. Re2 Ng4+ 0-1

[Event "Sarajevo"]
[Site "Sarajevo BIH"]
[Date "1971.??.??"]
[Round "3"]
[White "Ciric, Dragoljub M"]
[Black "Janosevic, Dragoljub"]
[Result "1/2-1/2"]
[WhiteElo "2500"]
[BlackElo "2460"]
[PlyCount "37"]
[EventDate "1971.??.??"]
[Source "www.chesslib.no"]
[SourceDate "2004.05.04"]

1. d4 Nf6 2. c4 c5 3. d5 d6 4. Nc3 g6 5. e4 Bg7 6. Be2 e6 7. Nf3 exd5 8. cxd5 O-O 9. O-O Re8 10. Nd2 Na6 11. f3 Nc7 12. a4 b6 13. Nc4 Ba6 14. Bg5 h6 15. Be3 Bxc4 16. Bxc4 a6 17. Qd2 Kh7 18. Rab1 Rb8 19. b4 1/2-1/2

[Event "Groningen Harmonie"]
[Site "Groningen"]
[Date "2003.12.30"]
[Round "9"]
[White "Li Wenliang"]
[Black "Ernst, Sipke"]
[Result "1/2-1/2"]
[WhiteElo "2477"]
[BlackElo "2474"]
[PlyCount "58"]
[EventDate "2003.12.21"]
[Source "ChessBase"]
[SourceDate "2004.03.30"]

1. d4 Nf6 2. c4 e6 3. Nf3 c5 4. d5 exd5 5. cxd5 d6 6. Nc3 g6 7. Nd2 Bg7 8. e4 O-O 9. Be2 Na6 10. O-O Nc7 11. a4 b6 12. Nc4 Re8 13. f3 Ba6 14. Bg5 Qd7 15. Kh1 Rab8 16. Rb1 Bxc4 17. Bxc4 a6 18. b4 b5 19. Be2 cxb4 20. Rxb4 Rec8 21. axb5 Nfe8 22. Bd2 Nxb5 23. Nxb5 axb5 24. Qb3 Rc5 25. Rb1 Nc7 26. Ra4 Ne8 27. Rb4 Nc7 28. Ra4 Ne8 29. Rb4 Nc7 1/2-1/2

[Event "First Saturday GM - Febbraio 2008"]
[Site "Budapest UNG"]
[Date "2008.02.04"]
[Round "3"]
[White "Farago, Ivan"]
[Black "Kristjansson, Stefan"]
[Result "0-1"]
[WhiteElo "2475"]
[BlackElo "2476"]
[PlyCount "80"]
[EventDate "2008.02.02"]
[Source "www.chesslib.no"]
[SourceDate "2004.05.04"]

1. d4 Nf6 2. c4 e6 3. Nf3 c5 4. d5 exd5 5. cxd5 d6 6. Nc3 g6 7. Nd2 Bg7 8. e4 O-O 9. Be2 Na6 10. O-O Nc7 11. a4 b6 12. Nc4 Re8 13. f3 Ba6 14. Rb1 Qd7 15. Bd2 Bxc4 16. Bxc4 a6 17. b4 b5 18. Bd3 c4 19. Bc2 bxa4 20. Bxa4 Nb5 21. Kh1 Qb7 22. Bxb5 axb5 23. Qc2 Ra3 24. Ra1 Rea8 25. Rxa3 Rxa3 26. Rb1 Nd7 27. Qc1 Ra8 28. Ra1 Ra6 29. Ra3 Qb6 30. h3 h5 31. Qa1 Rxa3 32. Qxa3 Ne5 33. Nd1 Qd4 34. Qc3 Nd3 35. Qxd4 Bxd4 36. Nc3 Nf2+ 37. Kh2 Bxc3 38. Bxc3 Nd1 39. Bf6 c3 40. e5 Kf8 0-1

[Event "Israel Open Ch, Tel Aviv ISR"]
[Site "?"]
[Date "2001.??.??"]
[Round "7"]
[White "Gyimesi, Z."]
[Black "Bar, R."]
[Result "1-0"]
[WhiteElo "2570"]
[BlackElo "2380"]
[PlyCount "129"]
[EventDate "2001.??.??"]
[Source "www.chesslib.no"]
[SourceDate "2004.05.04"]

1. d4 Nf6 2. c4 e6 3. Nf3 c5 4. d5 exd5 5. cxd5 d6 6. Nc3 g6 7. Nd2 Bg7 8. e4 O-O 9. Be2 Re8 10. O-O Na6 11. f3 Nc7 12. a4 b6 13. Nc4 Ba6 14. Rb1 Bxc4 15. Bxc4 a6 16. b4 Nd7 17. Bd2 Qf6 18. Ne2 b5 19. Bd3 cxb4 20. Bxb4 bxa4 21. Qxa4 Ne5 22. Bc3 Qe7 23. Bxe5 Qxe5 24. Qc6 Nb5 25. Bxb5 axb5 26. Qxb5 Bh6 27. Kh1 Ra2 28. Nc1 Bxc1 29. Rfxc1 Rea8 30. Qf1 Rd2 31. Ra1 Rb8 32. Rcb1 Rc8 33. Rd1 Rcc2 34. Rxd2 Rxd2 35. Rd1 Rc2 36. Re1 Qb2 37. h3 Rf2 38. Qg1 Qd2 39. Rf1 Re2 40. Qh2 h5 41. Rg1 Qb4 42. Qf4 Kg7 43. Kh2 Qa3 44. h4 Qc5 45. Rc1 Qf2 46. Qg3 Qe3 47. Rg1 Qc5 48. Re1 Rc2 49. Rd1 Re2 50. Rf1 Rc2 51. Qe1 Kh7 52. Rg1 Qd4 53. Qg3 Qc5 54. Ra1 Qe3 55. Kh3 Qc5 56. Rd1 Re2 57. Re1 Rc2 58. Qf4 Kg7 59. Qe3 Qc8+ 60. Kg3 Qc4 61. Rd1 Kh7 62. Ra1 Kg7 63. Ra7 Re2 64. Qf4 Rxg2+ 65. Kh3 1-0

[Event "Corr"]
[Site "?"]
[Date "2002.06.01"]
[Round "?"]
[White "Ernazarov Nazar Yazdurdyevich"]
[Black "Krivic Davor"]
[Result "1/2-1/2"]
[WhiteElo "2501"]
[BlackElo "2445"]
[PlyCount "35"]
[EventDate "2002.??.??"]
[Source "www.chesslib.no"]
[SourceDate "2004.05.04"]

1. d4 Nf6 2. c4 c5 3. d5 e6 4. Nc3 exd5 5. cxd5 d6 6. Nf3 g6 7. Nd2 Bg7 8. e4 O-O 9. Be2 Na6 10. O-O Nc7 11. a4 Re8 12. f3 Nd7 13. Kh1 b6 14. Nc4 Ne5 15. Ne3 Ba6 16. Nb5 Nxb5 17. axb5 Bb7 18. Bd2 1/2-1/2

[Event "Calviá ol (Men)"]
[Site "Mallorca"]
[Date "2004.10.15"]
[Round "1.15"]
[White "Gyimesi, Zoltan"]
[Black "Nokes, Roger I"]
[Result "1-0"]
[WhiteElo "2613"]
[BlackElo "2333"]
[PlyCount "103"]
[EventDate "2004.10.15"]
[Source "Roberto Alvarez"]
[SourceDate "2004.10.18"]

1. d4 Nf6 2. c4 c5 3. d5 e6 4. Nc3 exd5 5. cxd5 d6 6. Nf3 g6 7. Nd2 Bg7 8. e4 O-O 9. Be2 Re8 10. O-O Na6 11. f3 Nc7 12. a4 b6 13. Nc4 Ba6 14. Rb1 Bxc4 15. Bxc4 Nd7 16. Bd2 Rc8 17. Nb5 Nxb5 18. Bxb5 Re7 19. Kh1 Qf8 20. Bg5 f6 21. Bh4 Rf7 22. Qc2 c4 23. f4 f5 24. Ba6 Re8 25. exf5 Rxf5 26. Bb5 Rf7 27. Qxc4 Rc8 28. Qe2 Nf6 29. Rbe1 Kh8 30. f5 g5 31. Bxg5 Bh6 32. Bxf6+ Rxf6 33. Bd7 Rc7 34. Qh5 Qg7 35. Re8+ Rf8 36. Bc6 Rcf7 37. Re6 Rf6 38. Re2 Bg5 39. Qg4 Bh6 40. Qxg7+ Bxg7 41. g4 h5 42. h3 hxg4 43. hxg4 Rh6+ 44. Rh2 Rxh2+ 45. Kxh2 Bxb2 46. g5 Kg7 47. Kg3 Be5+ 48. Kg4 Rh8 49. f6+ Kf7 50. Bd7 Rh2 51. Kf5 Bd4 52. g6+ 1-0

[Event "HUN-ch"]
[Site "Budapest"]
[Date "1996.??.??"]
[Round "3"]
[White "Gyimesi, Zoltan"]
[Black "Palkovi, Jozsef"]
[Result "1/2-1/2"]
[WhiteElo "2480"]
[BlackElo "2460"]
[PlyCount "130"]
[EventDate "1996.12.??"]
[Source "ChessBase"]
[SourceDate "1997.04.10"]

1. d4 Nf6 2. c4 e6 3. Nf3 c5 4. d5 exd5 5. cxd5 d6 6. Nc3 g6 7. Nd2 Bg7 8. e4 O-O 9. Be2 Na6 10. O-O Re8 11. f3 Nc7 12. a4 b6 13. Nc4 Ba6 14. Rb1 Bxc4 15. Bxc4 Nd7 16. Nb5 Ne5 17. Nxc7 Qxc7 18. Bb5 Re7 19. Bg5 f6 20. Bh4 g5 21. Bg3 a6 22. Be2 Ng6 23. Qd2 h5 24. Rfe1 h4 25. Bf2 Qd7 26. b4 Qxa4 27. bxc5 bxc5 28. Rb6 Qd7 29. Reb1 Kh7 30. Bxa6 g4 31. Bb5 Qd8 32. Bc6 Ra1 33. Rxa1 Qxb6 34. Qa5 Qb2 35. Qa3 Qe5 36. Rd1 g3 37. Bxc5 gxh2+ 38. Kh1 dxc5 39. d6 Qg3 40. dxe7 h3 41. Qa2 Nf4 42. gxh3 Qxf3+ 43. Kxh2 Qxh3+ 44. Kg1 Qg4+ 45. Kh2 Qh5+ 46. Kg3 Qh3+ 47. Kf2 Qg2+ 48. Ke3 Qg3+ 49. Kd2 Qf2+ 50. Kc3 f5+ 51. e5 Bxe5+ 52. Kb3 c4+ 53. Kb4 Qxa2 54. Rh1+ Kg7 55. e8=Q Nd3+ 56. Kb5 Qb3+ 57. Ka6 Nb4+ 58. Ka7 Bd4+ 59. Ka8 Qa3+ 60. Kb8 Nxc6+ 61. Qxc6 Qf8+ 62. Kb7 Qe7+ 63. Kc8 Qf8+ 64. Kb7 Qe7+ 65. Kc8 Qf8+ 1/2-1/2

[Event "HUN"]
[Site "HUN"]
[Date "1972.??.??"]
[Round "?"]
[White "Toth, Bela"]
[Black "Matulovic, Milan"]
[Result "0-1"]
[WhiteElo "2410"]
[BlackElo "2525"]
[PlyCount "62"]
[EventDate "1972.??.??"]
[Source "www.chesslib.no"]
[SourceDate "2004.05.04"]

1. d4 g6 2. c4 Bg7 3. Nc3 c5 4. d5 d6 5. e4 Nf6 6. Nf3 O-O 7. Be2 e6 8. O-O exd5 9. cxd5 Re8 10. Nd2 Na6 11. f3 Nc7 12. a4 Nd7 13. Nc4 Ne5 14. Ne3 f5 15. f4 Nf7 16. exf5 Nh6 17. fxg6 Bd4 18. gxh7+ Kh8 19. Rf3 Ng4 20. Qd3 Qh4 21. h3 Nxe3 22. Rxe3 Qxf4 23. Nd1 Nxd5 24. Ra3 Nxe3 25. Nxe3 Bf5 26. Qb3 Bxh7 27. Kh1 Be5 28. Kg1 Qh2+ 29. Kf2 Bg3+ 30. Kf3 Be4+ 31. Kg4 Rg8+ 0-1

[Event "Zalakaros Cup"]
[Site "?"]
[Date "2002.05.29"]
[Round "7"]
[White "Gyorkos Lajos"]
[Black "Horvath Jozsef"]
[Result "1/2-1/2"]
[WhiteElo "2385"]
[BlackElo "2537"]
[PlyCount "38"]
[EventDate "2002.??.??"]
[Source "www.chesslib.no"]
[SourceDate "2004.05.04"]

1. d4 Nf6 2. c4 e6 3. Nf3 c5 4. d5 d6 5. Nc3 exd5 6. cxd5 g6 7. Nd2 Bg7 8. e4 O-O 9. Be2 Re8 10. O-O Na6 11. f3 Nc7 12. a4 Nd7 13. Kh1 b6 14. Nc4 Ne5 15. Ne3 f5 16. f4 Nf7 17. exf5 gxf5 18. Bd3 Nh6 19. Qh5 Rf8 1/2-1/2

[Event "Soviet Union"]
[Site "Soviet Union"]
[Date "1982.??.??"]
[Round "?"]
[White "Dydyshko, Viacheslav"]
[Black "Kapengut, Albert Z"]
[Result "0-1"]
[WhiteElo "2450"]
[BlackElo "2465"]
[PlyCount "118"]
[EventDate "1982.??.??"]
[Source "www.chesslib.no"]
[SourceDate "2004.05.04"]

1. d4 Nf6 2. c4 e6 3. Nf3 c5 4. d5 exd5 5. cxd5 d6 6. Nc3 g6 7. e4 Bg7 8. Be2 O-O 9. O-O Re8 10. Nd2 Na6 11. f3 Nc7 12. Kh1 Qe7 13. Nc4 b5 14. Na5 Bd7 15. Nc6 Bxc6 16. dxc6 a6 17. Bg5 h6 18. Bh4 g5 19. Bf2 Rad8 20. Re1 d5 21. exd5 Nfxd5 22. Bd3 Qf8 23. Nxd5 Nxd5 24. Rxe8 Qxe8 25. Qe2 Qxe2 26. Bxe2 Nf4 27. Rd1 Rc8 28. Bf1 Rxc6 29. a4 c4 30. Rd8+ Kh7 31. g3 Ne6 32. Rb8 Bd4 33. axb5 axb5 34. Kg2 Rc5 35. Bxd4 Nxd4 36. Kf2 Rf5 37. Be2 g4 38. f4 Nxe2 39. Kxe2 Rh5 40. Kf1 Kg6 41. Rb6+ f6 42. Rb7 Rd5 43. Ke2 Kf5 44. Rb6 Kg6 45. Rb7 Rh5 46. Kf1 Rxh2 47. Rxb5 Rc2 48. Kg1 Kf7 49. Rb6 h5 50. Kf1 Ke7 51. Kg1 Kf7 52. Kf1 Rc1+ 53. Kf2 Rb1 54. Rb4 c3 55. bxc3 Rxb4 56. cxb4 Ke6 57. f5+ Kxf5 58. Ke3 Ke5 59. b5 Kd5 0-1

[Event "otb"]
[Site "otb"]
[Date "2007.05.01"]
[Round "1"]
[White "Shen Yang"]
[Black "Lahno Katerina"]
[Result "1-0"]
[WhiteElo "2440"]
[BlackElo "2467"]
[PlyCount "123"]
[Source "www.chesslib.no"]
[SourceDate "2004.05.04"]

1. d4 Nf6 2. Nf3 e6 3. c4 c5 4. d5 exd5 5. cxd5 d6 6. Nc3 g6 7. Nd2 Bg7 8. e4 O-O 9. Be2 Re8 10. O-O Na6 11. f3 Nc7 12. a4 b6 13. Kh1 Nh5 14. f4 Qh4 15. Bxh5 Qxh5 16. Qxh5 gxh5 17. f5 Ba6 18. Rf3 Be5 19. g3 f6 20. Kg2 Kf7 21. Rf2 h4 22. gxh4 Rg8+ 23. Kf3 Rg1 24. Ne2 Rh1 25. Ng3 Rd1 26. Ndf1 Re8 27. Ne3 Re1 28. Rd2 Rg1 29. Rd1 Rxd1 30. Nxd1 Bxg3 31. hxg3 Nxd5 32. a5 Nb4 33. axb6 axb6 34. Bd2 Bb7 35. Bxb4 cxb4 36. Nf2 d5 37. Ra4 dxe4+ 38. Ke3 Re5 39. g4 b5 40. Rxb4 h5 41. Rd4 Bd5 42. Nxe4 hxg4 43. Kf4 Bxe4 44. Rxe4 Rc5 45. Kxg4 Rc2 46. Rb4 Rc5 47. Rd4 Kg7 48. b4 Re5 49. Kf4 Re1 50. Rd5 Rc1 51. Rc5 Rd1 52. Ke4 Rh1 53. Rxb5 Rxh4+ 54. Kd5 Kh6 55. Kc5 Kg5 56. Kb6 Re4 57. Ka5 Re5 58. Rxe5 fxe5 59. b5 e4 60. Kb4 e3 61. Kc3 Kxf5 62. b6 1-0

[Event "Ceuta"]
[Site "?"]
[Date "1992.??.??"]
[Round "5"]
[White "Zlotnik, B."]
[Black "Izeta, F."]
[Result "1-0"]
[WhiteElo "2455"]
[BlackElo "2445"]
[PlyCount "91"]
[EventDate "1992.??.??"]
[Source "www.chesslib.no"]
[SourceDate "2004.05.04"]

1. d4 Nf6 2. c4 e6 3. Nf3 c5 4. d5 d6 5. Nc3 exd5 6. cxd5 g6 7. Nd2 Bg7 8. e4 O-O 9. Be2 Na6 10. O-O Nc7 11. a4 b6 12. Nc4 Re8 13. f3 Ba6 14. Bg5 h6 15. Be3 Qd7 16. Qd2 Kh7 17. Kh1 Bxc4 18. Bxc4 a6 19. Qe2 Ng8 20. g4 Bd4 21. Bxd4 cxd4 22. Nd1 b5 23. Bb3 Qe7 24. Nf2 Nf6 25. Qd2 Nd7 26. Qxd4 Nc5 27. Bc2 bxa4 28. Bxa4 Reb8 29. b4 Nxa4 30. Rxa4 Nb5 31. Qb2 Rc8 32. Rc1 Qe5 33. Qd2 Rc3 34. Rxc3 Nxc3 35. Ra5 g5 36. Kg1 Nb5 37. Qc2 Ra7 38. Qc8 Qd4 39. Rxa6 Rxa6 40. Qxa6 Qxb4 41. Qb7 Kg7 42. e5 dxe5 43. d6 Qc5 44. d7 Nd6 45. Qb8 e4 46. d8=Q 1-0

[Event "Vendrell"]
[Site "?"]
[Date "1993.??.??"]
[Round "8"]
[White "Garcia Ilundain, D."]
[Black "Martin Gonzalez, A."]
[Result "1-0"]
[WhiteElo "2485"]
[BlackElo "2405"]
[PlyCount "81"]
[EventDate "1993.??.??"]
[Source "www.chesslib.no"]
[SourceDate "2004.05.04"]

1. d4 Nf6 2. Nf3 e6 3. c4 c5 4. d5 exd5 5. cxd5 d6 6. Nc3 g6 7. e4 Bg7 8. Be2 O-O 9. Nd2 Re8 10. O-O Na6 11. Kh1 Nc7 12. a4 b6 13. f3 Rb8 14. Nc4 Ba6 15. Bg5 h6 16. Bh4 Qd7 17. Qd2 Bxc4 18. Bxc4 a6 19. Be2 b5 20. axb5 axb5 21. Ra7 b4 22. Nd1 Ra8 23. Rxa8 Rxa8 24. Ne3 Nb5 25. Nc4 Ra2 26. Bxf6 Bxf6 27. f4 Nd4 28. Bd3 Bg7 29. h3 Qd8 30. Qf2 Nb5 31. e5 dxe5 32. Qxc5 Nc7 33. fxe5 Nxd5 34. Nd6 Ra5 35. Qf2 Qe7 36. Nxf7 Kh7 37. Bxg6+ Kg8 38. Qf5 Ne3 39. Bh7+ Kf8 40. Qc8+ Qe8 41. Nd6+ 1-0

[Event "Pancevo"]
[Site "Pancevo"]
[Date "1989.??.??"]
[Round "4"]
[White "Karpman, Vadim"]
[Black "Andrijevic, Milan"]
[Result "1/2-1/2"]
[WhiteElo "2480"]
[BlackElo "2410"]
[PlyCount "51"]
[EventDate "1989.??.??"]
[Source "www.chesslib.no"]
[SourceDate "2004.05.04"]

1. d4 Nf6 2. c4 e6 3. Nc3 c5 4. d5 exd5 5. cxd5 d6 6. e4 g6 7. Nf3 Bg7 8. Be2 O-O 9. O-O Re8 10. Nd2 Na6 11. f3 Nc7 12. a4 b6 13. Nc4 Ba6 14. Bg5 Qd7 15. b3 Ng4 16. Qd2 Bd4+ 17. Kh1 Nf2+ 18. Rxf2 Bxf2 19. Bf6 Bd4 20. e5 Rxe5 21. Nxe5 Bxe5 22. Bxe5 dxe5 23. Bxa6 Nxa6 24. Qe2 Nb4 25. Qxe5 Re8 26. Qg5 1/2-1/2

[Event "Gausdal"]
[Site "?"]
[Date "1987.??.??"]
[Round "?"]
[White "Ogaard, L."]
[Black "Tisdall, J."]
[Result "0-1"]
[WhiteElo "2435"]
[BlackElo "2450"]
[PlyCount "72"]
[EventDate "1987.??.??"]
[Source "ChessBase"]
[SourceDate "1987.07.01"]

1. d4 Nf6 2. c4 e6 3. Nc3 c5 4. d5 exd5 5. cxd5 d6 6. e4 g6 7. Nf3 Bg7 8. Be2 O-O 9. O-O Re8 10. Nd2 Na6 11. f3 Nc7 12. a4 b6 13. Nc4 Ba6 14. Bg5 h6 15. Be3 Bxc4 16. Bxc4 a6 17. Qd2 Kh7 18. Rab1 Nd7 19. Bf2 Rb8 20. b4 Qf6 21. Rfc1 b5 22. axb5 axb5 23. Bf1 c4 24. Ne2 Ne5 25. Nd4 Ra8 26. Ra1 h5 27. Rcb1 Bh6 28. Qc3 Qf4 29. Ra5 Qd2 30. Qa3 Nd3 31. Bxd3 cxd3 32. Kf1 Nxd5 33. exd5 Rac8 34. Be1 Rxe1+ 35. Rxe1 Be3 36. Qa2 Qxe1+ 0-1

[Event "Buenos Aires IVESS Open"]
[Site "Buenos Aires ARG"]
[Date "1995.??.??"]
[Round "4"]
[White "Garcia, Raimundo"]
[Black "Spangenberg, Hugo H"]
[Result "0-1"]
[WhiteElo "2385"]
[BlackElo "2500"]
[PlyCount "98"]
[EventDate "1995.??.??"]
[Source "www.chesslib.no"]
[SourceDate "2004.05.04"]

1. Nf3 c5 2. c4 g6 3. d4 Bg7 4. d5 Nf6 5. Nc3 O-O 6. e4 d6 7. Be2 e6 8. O-O exd5 9. cxd5 Re8 10. Nd2 Na6 11. Kh1 Rb8 12. f3 Nc7 13. a4 b6 14. Nc4 Ba6 15. Rb1 Nh5 16. g4 Nf6 17. Bd2 Bxc4 18. Bxc4 Nd7 19. Nb5 Nxb5 20. Bxb5 Re7 21. g5 Qc8 22. Qe2 f5 23. gxf6 Nxf6 24. Rbe1 Qh3 25. Qg2 Qxg2+ 26. Kxg2 Rf8 27. Bf4 Rd8 28. b3 Nh5 29. Bg5 Bf6 30. Bd2 g5 31. Rg1 Kf7 32. Kh1 h6 33. Re2 Be5 34. a5 bxa5 35. Bxa5 Rb8 36. Bc4 Nf4 37. Ra2 Bd4 38. Rf1 Ng6 39. Bd2 Kg7 40. Ra6 Be5 41. Be1 Rf8 42. Rf2 Nh4 43. Be2 Ref7 44. b4 c4 45. b5 c3 46. Rc6 Nxf3 47. Bxc3 Bxc3 48. Rxc3 Ne5 49. Rxf7+ Rxf7 0-1

[Event "Memorial Konig"]
[Site "San Francisco (USA)"]
[Date "2007.07.10"]
[Round "?"]
[White "Fedorowicz John P (USA)"]
[Black "Pruess David (USA)"]
[Result "0-1"]
[WhiteElo "2460"]
[BlackElo "2424"]
[PlyCount "116"]
[EventDate "2007.??.??"]
[Source "www.chesslib.no"]
[SourceDate "2004.05.04"]

1. d4 Nf6 2. Nf3 e6 3. c4 c5 4. d5 exd5 5. cxd5 d6 6. Nc3 g6 7. Nd2 Bg7 8. e4 O-O 9. Be2 Na6 10. O-O Nc7 11. a4 b6 12. Nc4 Re8 13. f3 Ba6 14. Bg5 Qd7 15. Kh1 Nh5 16. g4 Nf6 17. Rg1 Rab8 18. Qd2 Bxc4 19. Bxc4 a6 20. Qf4 Qe7 21. Bf1 Rb7 22. Rb1 b5 23. axb5 axb5 24. Ra1 Reb8 25. Nd1 Nce8 26. Ra6 Ra7 27. Rc6 Qf8 28. Nc3 Nd7 29. Nxb5 Rab7 30. Nxd6 Be5 31. Qxf7+ Qxf7 32. Nxf7 Kxf7 33. f4 Bxb2 34. e5 Kg7 35. e6 Nf8 36. f5 Be5 37. d6 Nxd6 38. f6+ Bxf6 39. Bxf6+ Kxf6 40. Rxd6 Rb6 41. Rd5 Nxe6 42. Bc4 Rb4 43. Rf1+ Ke7 44. Rc1 Rb1 45. Rdd1 Rxc1 46. Rxc1 Nd4 47. Kg2 Kd6 48. Kg3 Rb4 49. h4 Ra4 50. Rc3 Ra8 51. Kf4 h6 52. g5 h5 53. Bd3 Rf8+ 54. Ke3 Re8+ 55. Kf4 Rf8+ 56. Ke4 Re8+ 57. Kf4 Ne2+ 58. Bxe2 Rxe2 0-1

[Event "Bielsko Biala"]
[Site "Bielsko Biala"]
[Date "1988.??.??"]
[Round "3"]
[White "Staniszewski, Piotr"]
[Black "Schulte, Oliver"]
[Result "1-0"]
[WhiteElo "2440"]
[BlackElo "2440"]
[PlyCount "199"]
[EventDate "1988.??.??"]
[Source "www.chesslib.no"]
[SourceDate "2004.05.04"]

1. d4 Nf6 2. Nf3 c5 3. d5 e6 4. c4 exd5 5. cxd5 d6 6. Nc3 g6 7. e4 Bg7 8. Be2 O-O 9. O-O Re8 10. Nd2 Na6 11. f3 Nc7 12. a4 b6 13. Nc4 Ba6 14. Bg5 Qd7 15. Re1 h6 16. Bh4 Nh5 17. Qd2 g5 18. Bf2 Nf4 19. Bf1 Bxc4 20. Bxc4 a6 21. Bf1 b5 22. h4 bxa4 23. hxg5 hxg5 24. g3 Ng6 25. Qxg5 Nb5 26. f4 Nxc3 27. bxc3 Bxc3 28. f5 Qe7 29. Qg4 Bxa1 30. Rxa1 Qxe4 31. Rxa4 Qxg4 32. Rxg4 Kg7 33. fxg6 f5 34. Ra4 Re5 35. Ra1 Kxg6 36. Be1 Rae8 37. Kf2 Rxd5 38. Bc3 Kg5 39. Bc4 Rde5 40. Bxe5 dxe5 41. Rxa6 f4 42. Rc6 fxg3+ 43. Kxg3 Kf5 44. Kf3 e4+ 45. Ke3 Re5 46. Bf7 Kg5 47. Bg6 Kg4 48. Bxe4 Rg5 49. Rh6 Re5 50. Rg6+ Rg5 51. Bf3+ Kh4 52. Rh6+ Kg3 53. Rh1 Re5+ 54. Be4 Rg5 55. Rc1 c4 56. Rxc4 Re5 57. Rc1 Re7 58. Rg1+ Kh2 59. Rg5 Kh3 60. Kf4 Rf7+ 61. Bf5+ Kh2 62. Kf3 Ra7 63. Be6 Rc7 64. Rg2+ Kh1 65. Ra2 Kg1 66. Bd5 Rc3+ 67. Kf4 Kf1 68. Bf3 Ke1 69. Ke4 Kf1 70. Kf4 Ke1 71. Rb2 Rc8 72. Kg3 Rg8+ 73. Bg4 Re8 74. Rh2 Re7 75. Bf3 Re6 76. Kf4 Rb6 77. Bd5 Ra6 78. Bc4 Ra3 79. Ke4 Rg3 80. Bd3 Rg8 81. Kf3 Kd1 82. Be4 Rg7 83. Ke3 Rg3+ 84. Bf3+ Kc1 85. Rf2 Rg8 86. Be4 Rc8 87. Bd3 Rc7 88. Kd4 Kd1 89. Bc4 Rd7+ 90. Kc3 Re7 91. Rf3 Re8 92. Rf5 Re7 93. Kd3 Kc1 94. Ra5 Kb2 95. Rb5+ Ka3 96. Kc3 Re3+ 97. Bd3 Ka4 98. Rg5 Rh3 99. Rg1 Ka5 100. Rg6 1-0

[Event "Buenos Aires Club Argentino"]
[Site "Buenos Aires"]
[Date "1975.??.??"]
[Round "7"]
[White "Sanguinetti, Raul"]
[Black "Letelier Martner, Rene"]
[Result "1-0"]
[WhiteElo "2530"]
[BlackElo "2350"]
[PlyCount "77"]
[EventDate "1975.??.??"]
[Source "ChessBase"]

1. d4 Nf6 2. c4 c5 3. d5 e6 4. Nc3 exd5 5. cxd5 d6 6. Nf3 g6 7. e4 Bg7 8. Be2 O-O 9. O-O Re8 10. Nd2 Na6 11. f3 Nc7 12. a4 b6 13. Nc4 Ba6 14. Rb1 Bxc4 15. Bxc4 a6 16. b4 Ng4 17. bxc5 Ne5 18. Be2 bxc5 19. Qc2 Qe7 20. Bd2 Reb8 21. Rxb8+ Rxb8 22. Rb1 Qe8 23. Kf1 Nd7 24. Nd1 Rxb1 25. Qxb1 Qb8 26. Qxb8+ Nxb8 27. Ba5 Na8 28. Ne3 Kf8 29. Nc4 Ke7 30. f4 f6 31. Bg4 Nd7 32. Be6 Bh8 33. Ke2 Bg7 34. Kf3 Bh8 35. g4 h6 36. h4 Bg7 37. h5 g5 38. e5 dxe5 39. fxg5 1-0

[Event "Open"]
[Site "Kavala GRE"]
[Date "2007.08.10"]
[Round "7"]
[White "Ghane, S."]
[Black "Shavtvaladze, N."]
[Result "1/2-1/2"]
[WhiteElo "2494"]
[BlackElo "2386"]
[PlyCount "51"]
[EventDate "2007.08.05"]
[Source "www.chesslib.no"]
[SourceDate "2004.05.04"]

1. d4 Nf6 2. Nf3 g6 3. c4 Bg7 4. Nc3 O-O 5. e4 d6 6. Be2 c5 7. d5 e6 8. O-O exd5 9. cxd5 Re8 10. Nd2 Na6 11. f3 Nc7 12. a4 Nd7 13. Nc4 Ne5 14. Ne3 f5 15. exf5 gxf5 16. f4 Nf7 17. Kh1 b6 18. Bd3 Nh6 19. Qc2 Qf6 20. Bd2 Bd7 21. Rf3 Kh8 22. Rg1 Re7 23. Ncd1 Qf7 24. Bc4 Bd4 25. Rh3 Ng4 26. Bc3 1/2-1/2

[Event "DEN Ch"]
[Site "Copenhagen DEN"]
[Date "1975.??.??"]
[Round "1"]
[White "Hamann, Svend"]
[Black "Bjerring, Kai"]
[Result "1-0"]
[WhiteElo "2485"]
[BlackElo "2395"]
[PlyCount "51"]
[EventDate "1975.??.??"]
[Source "www.chesslib.no"]
[SourceDate "2004.05.04"]

1. d4 Nf6 2. c4 c5 3. d5 e6 4. Nc3 exd5 5. cxd5 d6 6. e4 g6 7. Nf3 Bg7 8. Be2 O-O 9. O-O Re8 10. Nd2 Bd7 11. a4 Na6 12. f3 Nh5 13. Nc4 Bd4+ 14. Kh1 Qh4 15. Qe1 Qf6 16. Qd2 Nc7 17. g4 Ng7 18. Qh6 Qe7 19. Bf4 Bxc3 20. Bxd6 Qd8 21. bxc3 Nxd5 22. exd5 Rxe2 23. Rae1 Rxe1 24. Rxe1 b5 25. Be7 Qb8 26. Ne5 1-0